Tabela stratygraficzna - Statystyki

Ogólne statystyki
  • Ten quiz został rozwiązany 16 232 razy
  • Średni wynik to 11 z 21
Statystyki odpowiedzi
Era % Poprawnych
kreda
85%
jura
82%
mezozoik
73%
trias
68%
paleozoik
66%
kambr
59%
kenozoik
59%
czwartorzęd
56%
karbon
55%
prekambr
55%
dewon
49%
perm
49%
sylur
48%
ordowik
47%
neogen
42%
paleogen
41%
plejstocen
40%
holocen
39%
archaik
36%
fanerozoik
27%
proterozoik
27%
Nie znaleziono quizów pasujących do podanych kryteriów
Rozkład punktacji
Procent ludzi z każdym wynikiem
Percentyl według liczby udzielonych odpowiedzi
Twoja historia wyników
Nie rozwiązałeś tego quizu